[Event "ISR-ch Youth 2019"]
[Site "Jerusalem"]
[Date "2019.04.12"]
[Round "3.1"]
[White "Milikow, Yoav"]
[Black "Tzidkiya, Yeshaayahu"]
[Result "1-0"]
[WhiteElo "2256"]
[BlackElo "2188"]
[Annotator "TA"]
[PlyCount "103"]
[EventDate "2019.04.11"]
[EventType "swiss"]
[EventCountry "ISR"]
[SourceTitle "playchess.com"]
[Source "ChessBase"]
[SourceQuality "1"]

{[%evp 22,103,95,68,76,73,82,65,66,67,92,83,76,45,81,86,79,77,95,0,0,-8,0,0,59,58,104,105,121,107,113,133,112,84,97,88,76,91,149,27,28,42,55,62,53,93,116,166,198,188,195,140,772,732,1152,559,599,579,663,650,641,642,512,495,543,452,903,570,1065,857,733,787,1200,823,29981,29982,29982,29983,29983,29984,29987,29985,29989,29990]} 1. d4 Nf6 2. c4 g6 3. Nc3 Bg7 4. e4 O-O 5. Be2 d6 6. Be3 Na6 7. Nf3 c6 8. O-O e5 9. d5 Ng4 10. Bg5 f6 11. Bh4 c5 12. Ne1 Nh6 {E94: King's Indian: Classical: 6 Be2 e5 7 0-0: Various Black 7th moves} 13. f3 (13. Nc2 Nf7 14. a3 b6 15. b4 Bd7 16. Rb1 Bh6 17. Bg4 Bg5 18. Bxd7 Qxd7 19. Bxg5 fxg5 20. Ne3 {1-0 (52) Korobov,A (2698)-Demchenko,A (2679) St Petersburg 2018}) 13... Bd7 14. Nd3 Qe8 {White is slightly better.} 15. a3 g5 $146 ({Predecessor:} 15... f5 16. b4 Nf7 17. Qb3 b6 18. a4 cxb4 19. Nxb4 Nc5 20. Qb1 fxe4 21. fxe4 Nxa4 {1-0 (47) Lirindzakis,T (2195)-Amato,G (2025) Heraklion 2016}) 16. Bf2 f5 17. g4 fxg4 18. fxg4 Rf4 19. h3 Qg6 20. Nxf4 ({White should try} 20. Be3 $16) 20... exf4 $11 21. Ra2 Nf7 22. Nb1 h5 (22... b6 $11) 23. gxh5 $14 Qxe4 24. Nd2 Qe7 25. Kg2 Re8 26. Re1 Ne5 27. Bg4 Bxg4 28. hxg4 Qd7 29. Kh3 Re7 {[#]} (29... b6 $142) 30. Re4 (30. Ne4 $1 $16) 30... Nc7 $11 31. b4 b6 32. bxc5 dxc5 33. Rxe5 $1 Bxe5 34. Ne4 Bg7 {[#]} 35. Qd3 $1 ({Inferior is} 35. Nxg5 Re5 $14) 35... Re5 {[%cal Rc7d5]} 36. Re2 (36. Nd2 $18) 36... Kh8 $2 {[%mdl 8192] [#]} (36... Ne8 $16 37. Be1 Nd6) 37. h6 $1 $18 {[%mdl 512]} Bf8 (37... Bxh6 38. Nxc5) 38. Nf6 (38. Nxc5 $142 Re3+ 39. Qxe3 fxe3 40. Nxd7 exf2 41. Rxf2) 38... Qf7 39. Rxe5 Qxf6 40. Rf5 Qxh6+ 41. Kg2 Kg8 42. Qe4 Bd6 43. Be1 a6 (43... Qg7 $142 44. Qd3 Ne8) 44. a4 a5 45. Qe2 Qg7 46. Qd3 Qb2+ 47. Bd2 Qg7 48. Bc3 {White mates.} Qh6 49. Rf6 f3+ 50. Qxf3 Qh2+ 51. Kf1 Bf4 {[#]} 52. d6 $1 {Accuracy: White = 68%, Black = 42%.} 1-0

[Event "ISR-ch Youth 2019"]
[Site "Jerusalem"]
[Date "2019.04.12"]
[Round "3.2"]
[White "Cohen Revivo, Shoham"]
[Black "Ben Ari, Yannay"]
[Result "1-0"]
[WhiteElo "2151"]
[BlackElo "2017"]
[Annotator "TA"]
[PlyCount "115"]
[EventDate "2019.04.11"]
[EventType "swiss"]
[EventCountry "ISR"]
[SourceTitle "playchess.com"]
[Source "ChessBase"]
[SourceQuality "1"]

{[%evp 12,115,10,12,36,5,32,27,22,-1,-9,-22,0,-29,-29,-39,-43,-28,-31,-39,-16,0,0,-7,-7,-26,80,-11,-16,-8,56,65,390,374,194,0,157,173,147,-12,-19,-194,-184,-184,-60,-132,0,-141,-144,-166,-110,-118,-116,-172,-192,-176,177,175,709,685,1648,529,721,293,279,232,29972,29975,6095,2480,29968,29967,7010,6013,5193,2051,5522,1611,1526,1477,1513,1428,1923,2615,2295,2177,29991,29992,29995,29983,29995,29984,29990,29991,29991,29992,29992,29992,29992,6834,6330,1683,6183,5713,1712,1298]} 1. d4 Nf6 2. Nf3 e6 3. Bf4 b6 4. e3 Bb7 5. Nbd2 Bd6 6. Bg3 {A47: 1 d4 Nf6 2 Nf3 b6: Torre, London and Colle Systems} Bxg3 (6... O-O 7. a4 a6 8. Bd3 h6 9. e4 Bxg3 10. hxg3 d6 11. Qe2 e5 12. dxe5 dxe5 13. Nc4 {1-0 (53) Maghsoodloo,P (2688)-Jobava,B (2627) St Petersburg 2018}) 7. hxg3 {LiveBook: 5 Games} d5 8. Bd3 {White is slightly better.} c5 9. c3 Nbd7 {[%cal Bb8d7,Bd7c5,Bc5d3][%mdl 32]} 10. Qe2 Qc7 $146 ({Predecessor:} 10... Ne4 11. O-O-O Qc7 12. Rh4 Nxd2 13. Nxd2 O-O-O 14. Rdh1 {0-1 (26) Cieslak,L (1993)-Volodin,V (2177) Trebic 2013}) 11. a4 a6 12. e4 cxd4 13. Nxd4 Nc5 {[%cal Rd5e4]} 14. exd5 Nxd3+ 15. Qxd3 Qe5+ 16. Qe2 Qxd5 17. Nc4 Qc5 18. f3 Rc8 (18... Rd8 $11) 19. Ne5 (19. Nxe6 $1 $16 fxe6 20. Qxe6+ Kd8 21. Nd6 (21. Nxb6 $2 Re8 $19)) 19... O-O $11 20. g4 h6 (20... Rcd8 $11) 21. g5 $14 hxg5 $2 {[%mdl 8192]} (21... Ne4 $14 22. Nd7 Qxg5 23. fxe4 Rfd8) 22. g4 $1 $18 Rfe8 23. Rd1 $2 (23. Qh2 Kf8 $16) (23. O-O-O $18 Rc7 24. Nxe6 $1 {[%mdl 512]} (24. Qh2 Kf8 $16) 24... Rxe6 25. Ng6 $1 {[%mdl 512]} Qxc3+ 26. Kb1 Qxb2+ 27. Qxb2 fxg6 28. Qb3) 23... Qc7 $2 (23... Rcd8 $11) 24. Qh2 $16 {[%csl Gh1][%cal Rh2h8][%mdl 1024] White has strong compensation.} Kf8 25. Qh8+ $2 ({Only move:} 25. O-O $1 $16) 25... Ng8 $11 26. Nd3 $2 (26. Qh2 $11 {and White is okay.} Bd5 27. O-O) 26... f6 ({Inferior is} 26... Qg3+ 27. Kd2 $14) 27. Kf2 Qf7 (27... Rcd8 $1 $19 28. Rh7 Rd7) 28. Rde1 ({White should play} 28. Ne1 $15) 28... Qg6 (28... Rc7 $17 29. Rh7 Bc8) 29. Re3 (29. Rxe6 $11 {remains equal.} Rxe6 30. Nxe6+ Kf7 31. Re1) 29... Kf7 $1 $17 30. Qh2 {[#] With the idea Qd6.} e5 ({Black should try} 30... Nh6 $1 $19 {Hoping for ...e5.} 31. Rhe1 Red8) 31. Nf5 Rcd8 32. a5 (32. Rd1 $17 {might work better.} Bc8 33. Rxe5 Bxf5 34. gxf5) 32... Ne7 $19 33. axb6 Nd5 $4 {[%mdl 8192] [#]} (33... Nxf5 $19 {and all is fine.} 34. gxf5 Qxf5 35. Qh5+ Ke7) 34. Nc5 $1 $18 {[%cal Rc5b7]} Nxe3 $2 (34... Bc8) 35. Kxe3 Bc8 36. Ke4 (36. Qc2 $142 {Strongly threatening Qb3+.} e4 37. Qb3+ Be6 38. Nxe6 Rxe6 39. fxe4) 36... Be6 37. Qe2 (37. Nxe6 $142 Rxe6 38. b7) 37... Bd5+ 38. Ke3 Rh8 $2 (38... Kg8 $18) 39. Rxh8 Rxh8 40. Qxa6 (40. Qd3 $142 Rd8 41. b7) 40... Qh7 41. Qa7+ Kg6 42. Ne7+ Kh6 43. Nxd5 Qc2 44. Nd3 (44. Ne6 $142 Rg8 45. Ne7 Qc1+ 46. Kd3 Qf1+ 47. Kc2 Qe2+ 48. Kb3 Qd1+ 49. Kb4 Qd6+ 50. Nc5 Qxe7 51. Qxe7) 44... e4 45. fxe4 Qh2 46. Qd7 Qg1+ 47. Nf2 {White wants to mate with Qf7.} Qg3+ 48. Ke2 {Threatening mate with Qf7.} Ra8 49. Qf7 {[%csl Gg4][%cal Rf7h5]} g6 50. b7 Rh8 51. Qxf6 {[%cal Rf6h8]} Rg8 52. Ne7 Qb8 53. Nxg8+ Qxg8 54. Qd6 Qc4+ 55. Qd3 (55. Ke1 $142 Qb3 56. b8=Q Qxb8 57. Qxb8 Kh7 58. Nh3 Kg7 59. Qe8 Kh7 60. Qf7+ Kh8 61. Qf8+ Kh7 62. Nxg5#) 55... Qb3 {White is clearly winning.} 56. Qh3+ Kg7 57. Nd3 Qxb7 58. Qf3 {Precision: White = 37%, Black = 37%.} 1-0

[Event "ISR-ch Youth 2019"]
[Site "Jerusalem"]
[Date "2019.04.12"]
[Round "3.3"]
[White "Guz, Ari"]
[Black "Musyuk, Lior"]
[Result "1/2-1/2"]
[WhiteElo "2058"]
[BlackElo "2231"]
[Annotator "TA"]
[PlyCount "74"]
[EventDate "2019.04.11"]
[EventType "swiss"]
[EventCountry "ISR"]
[SourceTitle "playchess.com"]
[Source "ChessBase"]
[SourceQuality "1"]

{[%evp 12,74,165,147,250,227,197,210,206,188,215,196,187,123,132,106,128,104,105,114,111,48,137,135,139,131,143,142,176,132,165,164,189,188,197,181,189,66,132,137,135,128,117,62,61,31,31,-8,12,13,14,0,0,0,0,0,0,0,0,0,0,0,0,0,0]} 1. c4 e5 2. Nc3 Nf6 3. Nf3 Nc6 4. e4 Bc5 5. Nxe5 Bxf2+ 6. Kxf2 Nxe5 7. d4 Nfg4+ {A28: English Opening: Four Knights Variation} (7... Ng6 $16) (7... Neg4+ 8. Kg1 d6 9. h3 Nh6 10. Bg5 Nhg8 11. e5 dxe5 12. dxe5 h6 13. Bh4 g5 14. Qxd8+ Kxd8 15. Rd1+ {1-0 (59) Sale,S (2446)-Sipic,H (2213) Bosnjaci 2019}) 8. Kg1 $18 Qf6 {[%csl Gg4][%cal Rf6f2]} 9. Qd2 {h3 is the strong threat.} Ng6 {White is clearly better.} 10. h3 Nh6 11. Nd5 Qd8 {[#]} 12. Qg5 $146 (12. Qf2 $1 $18) ({Predecessor:} 12. Qf2 c6 13. Bxh6 gxh6 14. Nf6+ Kf8 15. h4 {1-0 (25) Sega,C (2233)-Martins,A (1998) Sao Paulo 2013}) 12... d6 13. Qg3 {Strongly threatening h4.} O-O 14. Bg5 f6 15. Bxh6 $1 gxh6 16. Kh2 (16. Nf4 $16) 16... Kh8 (16... f5 $1 $14) 17. Bd3 $36 {[%mdl 2048] Keeping Black busy.} c6 18. Nf4 Rg8 19. Rhf1 Qe7 20. Qf2 Nxf4 21. Qxf4 {[%mdl 64] Double Attack} Rg6 22. Rae1 Qg7 23. Rf2 {And now e5 would win.} Bd7 24. e5 (24. Qxd6 $18 {Black must now prevent e5.} Rg8 25. Bf1) 24... dxe5 (24... fxe5 $14 25. dxe5 Re6) 25. dxe5 fxe5 26. Rxe5 ({Resist} 26. Qxe5 Re6 $14) 26... Rg5 {[#]} 27. Rxg5 (27. Re3 $1 $16 {Threatens to win with Qd6.} Rg8 28. g3 (28. g4 h5 $11)) 27... hxg5 $14 28. Qf6 (28. Qc7 {is interesting.} Be6 29. Qd6 Re8 30. Re2 Qf6 31. b3) 28... Re8 29. Qxg7+ Kxg7 {The position is equal.} 30. Bxh7 {[%mdl 4096] Endgame KRB-KRB} g4 31. Bc2 gxh3 32. gxh3 Re3 33. Rg2+ Kf6 34. Rg3 Re2+ 35. Rg2 Re3 36. Rg3 Re2+ 37. Rg2 Re3 {Accuracy: White = 44%, Black = 65%.} 1/2-1/2

[Event "ISR-ch Youth 2019"]
[Site "Jerusalem"]
[Date "2019.04.12"]
[Round "3.4"]
[White "Mizrahi, Ido"]
[Black "Yaniv, Yuval"]
[Result "1/2-1/2"]
[WhiteElo "1957"]
[BlackElo "2139"]
[Annotator "TA"]
[PlyCount "80"]
[EventDate "2019.04.11"]
[EventType "swiss"]
[EventCountry "ISR"]
[SourceTitle "playchess.com"]
[Source "ChessBase"]
[SourceQuality "1"]

{[%evp 16,80,18,10,24,21,30,21,25,19,79,87,73,41,45,43,43,20,35,16,16,23,35,0,7,0,56,54,63,34,34,30,60,0,0,0,0,0,0,0,2,1,1,2,14,0,0,0,0,0,0,0,0,0,0,0,0,0,0,0,0,0,0,0,0,0,0]} 1. c4 Nf6 2. Nc3 g6 3. d4 Bg7 4. e4 d6 5. Nf3 O-O 6. Be2 e5 7. O-O Nc6 8. dxe5 dxe5 9. Bg5 Nd4 {E97: King's Indian: Classical Main Line (6...e5 7 0-0 Nc6): 8 Be3 and 8 d5 Ne7, not 9 Ne1} (9... Qxd1 10. Rfxd1 h6 11. Be3 Bg4 12. h3 Bxf3 13. Bxf3 Rfd8 14. Nd5 Ne8 15. Rac1 a5 16. c5 a4 17. Be2 Nd4 18. Bxd4 exd4 19. c6 b6 20. Bd3 Ra5 21. Rc4 {0-1 (61) Lenic,L (2645)-Vachier Lagrave,M (2780) chess.com INT 2019}) 10. Nxe5 Ne6 11. Bh4 Qxd1 $1 12. Raxd1 Nc5 $146 (12... Nxe4 $1 $11 {keeps the balance.} 13. Nxe4 Bxe5) ({Predecessor:} 12... Nxe4 13. Nxe4 Bxe5 14. Be7 Nd4 15. Bd3 f5 16. Nc3 Rf7 17. Bg5 {½-½ (82) L'Ami,E (2646)-Van Kampen,R (2603) Reykjavik 2014}) 13. f4 $16 Ncxe4 14. Nxe4 Nxe4 15. Bf3 g5 16. Bxe4 gxh4 17. Rfe1 c6 18. b3 a5 19. a4 Re8 20. h3 Bxe5 (20... Be6 $11) 21. fxe5 $14 Be6 22. Rd3 Rad8 23. Rf3 Rd4 24. Bf5 (24. Rf4 $14 c5 25. Kf2 (25. Rxh4 Bf5 $11 {[%mdl 64] Pin})) 24... Kg7 $11 {The position is equal.} 25. Ref1 Bxf5 26. Rxf5 {[%mdl 4096] Endgame KRR-KRR} Re7 $1 27. Rg5+ Kf8 28. e6 Rxe6 29. Rxa5 Kg7 30. Raf5 (30. Ra7 {is more complex.} Re7 31. a5 Rd3 32. a6 Rxb3 33. Rf4) 30... f6 31. R5f4 Rxf4 32. Rxf4 {KR-KR} Re1+ 33. Kh2 Rb1 34. Rg4+ Kf7 35. Rxh4 Rxb3 36. Rxh7+ Kg6 37. Rc7 Ra3 38. Rxb7 {[#] And now Rb6 would win.} Rxa4 39. c5 {Black must now prevent Rb6.} Rc4 40. Rc7 Rxc5 {Accuracy: White = 47%, Black = 78%.} 1/2-1/2

[Event "ISR-ch Youth 2019"]
[Site "Jerusalem"]
[Date "2019.04.12"]
[Round "3.5"]
[White "Cohen, Elad"]
[Black "Milikow, Elie"]
[Result "1-0"]
[WhiteElo "1828"]
[BlackElo "2199"]
[Annotator "TA"]
[PlyCount "129"]
[EventDate "2019.04.11"]
[EventType "swiss"]
[EventCountry "ISR"]
[SourceTitle "playchess.com"]
[Source "ChessBase"]
[SourceQuality "1"]

{[%evp 20,129,20,-9,43,35,44,45,46,49,29,33,51,59,53,37,33,0,36,0,51,50,51,50,61,54,57,58,130,76,112,126,118,120,314,309,306,292,295,252,296,252,252,252,252,252,250,241,234,234,474,433,360,281,316,228,500,482,482,482,494,587,576,587,587,544,541,355,863,704,726,493,1753,1564,1400,1147,4321,1207,5189,649,29979,29974,29979,29981,29981,29982,29982,29983,29983,29984,29984,29985,29984,29986,29986,29987,29989,29990,29990,29991,29991,29992,29992,29993,29994,29995,29995,29994,29995,29996,29996,29995]} 1. e4 c5 2. Nf3 Nc6 3. d4 cxd4 4. Nxd4 Nf6 5. Nc3 e5 6. Ndb5 d6 7. Bg5 a6 8. Na3 b5 9. Nd5 Be7 10. Bxf6 Bxf6 11. c4 Nd4 {B33: Sicilian: Pelikan and Sveshnikov Variations} (11... b4 $11 12. Nc2 a5) (11... b4 12. Nc2 a5 13. g3 {½-½ (13) Nepomniachtchi,I (2763)-Carlsen,M (2835) St Petersburg 2018}) 12. cxb5 $14 Be6 13. Bc4 axb5 {White is slightly better.} 14. Bxb5+ Kf8 15. Bc4 $1 Qa5+ 16. Qd2 Bd8 17. Qxa5 Bxa5+ 18. Kf1 Rb8 $146 ({Predecessor:} 18... g6 19. Nc3 {0-1 (42) Bracker,A (2190)-Lagunow,R (2413) Schwaebisch Gmuend 2019}) 19. b3 Ra8 (19... g6 $11) 20. Nb5 Nxb5 21. Bxb5 f5 22. f3 fxe4 23. fxe4 Kf7 (23... Bxd5 $14 24. exd5 Ke7) 24. a4 (24. Bc4 $142) 24... Rhc8 {[#]} 25. Bc4 $1 Rab8 26. Ke2 {Threatens to win with Rhf1+.} Rxc4 $2 (26... Bxd5 $16 {keeps fighting.} 27. Bxd5+ Kf6) 27. Rhf1+ $18 (27. bxc4 Rb2+ 28. Kf3 Rb3+ 29. Ke2 Rb2+ 30. Kf3 Rb3+ 31. Ke2 Rb2+ $16) 27... Kg6 28. bxc4 Rb2+ 29. Kd3 Rd2+ 30. Ke3 {Strongly threatening Ne7+.} Bg4 31. Rf2 Rxd5 32. cxd5 Bb6+ 33. Kd3 Bxf2 34. a5 {[%cal Ba4a5,Ba5a6][%mdl 32]} Ba7 $2 (34... Bc8 {is a better defense.}) 35. Rc1 Bd7 36. Kc4 Bc5 37. a6 Bg4 $2 (37... Kf6 {was called for.} 38. Kb3 Bc8) 38. Kb5 Be2+ 39. Ka5 {Hoping for Rxc5!} Bd4 40. Rc7 Bd3 41. a7 Bxa7 42. Rxa7 Bxe4 {[%mdl 4096] Endgame KR-KB} 43. Rd7 Bxg2 $2 (43... Kf6 44. Rxd6+ Ke7 45. Re6+ {[%mdl 64] Double Attack} Kd7 46. Rxe5 Bxg2) 44. Kb5 e4 45. Kc6 Kf6 (45... Bh3 $142 46. Re7 Bf5 47. Kxd6 Kf6) 46. Rxd6+ Kf5 47. Re6 Kf4 48. d6 e3+ 49. Kc7 (49. Kc5 $142 Bh3 50. d7) 49... Be4 50. d7 {White mates.} e2 {[#]} 51. Rxe4+ $1 {[%mdl 576] Promotion} Kxe4 52. d8=Q Ke3 53. Qh4 Kd2 54. Qd4+ Kc2 55. Qe3 Kd1 56. Qd3+ Ke1 57. Kd6 g5 58. Kc5 g4 59. Kd4 Kf2 60. Qf5+ Kg2 61. Qxg4+ Kxh2 62. Qxe2+ Kg3 63. Qh5 Kf2 64. Ke4 Kg3 65. Qg5+ {Accuracy: White = 68%, Black = 34%.} 1-0

[Event "ISR-ch Youth 2019"]
[Site "Jerusalem"]
[Date "2019.04.12"]
[Round "3.6"]
[White "Neeman, Gal"]
[Black "Uritsky, Yonathan"]
[Result "1-0"]
[WhiteElo "1715"]
[BlackElo "1899"]
[Annotator "NA RC"]
[PlyCount "51"]
[EventDate "2019.04.11"]
[EventType "swiss"]
[EventCountry "ISR"]
[SourceTitle "playchess.com"]
[Source "ChessBase"]
[SourceQuality "1"]
[TimeControl "5400+30"]

1. d4 {[%emt 0:00:00]} Nf6 {[%emt 0:00:00]} 2. Bf4 {[%emt 0:00:00]} g6 {[%emt 0:00:21]} 3. e3 {[%emt 0:00:00]} Bg7 {[%emt 0:00:12]} 4. c4 {[%emt 0:00:00]} c5 {[%emt 0:00:10]} 5. Nc3 {[%emt 0:00:06]} cxd4 {[%emt 0:00:50]} 6. exd4 {[%emt 0:00:09]} O-O {[%emt 0:00:16]} 7. Nf3 {[%emt 0:00:30]} d5 {[%emt 0:01:25]} 8. Qb3 {[%emt 0:03:42]} dxc4 {[%emt 0:05:35]} 9. Bxc4 {[%emt 0:01:23]} Nc6 {[%emt 0:03:54]} 10. Rd1 {[%emt 0:07:11]} Na5 {[%emt 0:00:23]} 11. Qb4 {[%emt 0:00:20]} Nxc4 {[%emt 0:00:46]} 12. Qxc4 {[%emt 0:00:04]} Bg4 {[%emt 0:01:13]} 13. Qe2 {[%emt 0:16:49]} Nd5 {[%emt 0:02:34]} 14. Bg3 {[%emt 0:09:02]} Nxc3 {[%emt 0:04:10]} 15. bxc3 {[%emt 0:00:10]} Qa5 {[%emt 0:00:14]} 16. O-O {[%emt 0:08:17]} Rfe8 {[%emt 0:11:41]} 17. Qe4 {[%emt 0:02:02]} Bf5 {[%emt 0:00:28]} 18. Qxb7 {[%emt 0:01:32]} Qxc3 {[%emt 0:00:24]} 19. Rfe1 {[%emt 0:03:42]} Qa3 {[%emt 0:01:38]} 20. Re3 {[%emt 0:09:09]} Qa4 {[%emt 0:02:50]} 21. Rde1 {[%emt 0:00:50]} e6 {[%emt 0:00:31]} 22. Ng5 {[%emt 0:03:48]} Qxa2 {[%emt 0:22:55]} 23. Qxf7+ {[%emt 0:04:54]} Kh8 {[%emt 0:00:04]} 24. Be5 {[%emt 0:02:08]} Rg8 {[%emt 0:02:42]} 25. Qb7 {[%emt 0:00:35]} Raf8 {[%emt 0:01:25]} 26. Qe7 {[%emt 0:00:08]} 1-0

[Event "ISR-ch Youth 2019"]
[Site "Jerusalem"]
[Date "2019.04.12"]
[Round "3.7"]
[White "Umanskiy, Stanislav"]
[Black "Ribstein, Orel"]
[Result "0-1"]
[WhiteElo "1309"]
[BlackElo "1708"]
[Annotator "NA RC"]
[PlyCount "72"]
[EventDate "2019.04.11"]
[EventType "swiss"]
[EventCountry "ISR"]
[SourceTitle "playchess.com"]
[Source "ChessBase"]
[SourceQuality "1"]
[TimeControl "5400+30"]

1. e4 {[%emt 0:00:00]} c5 {[%emt 0:00:00]} 2. Nf3 {[%emt 0:00:00]} e6 {[%emt 0:00:00]} 3. d4 {[%emt 0:00:19]} cxd4 {[%emt 0:00:00]} 4. Nxd4 {[%emt 0:00:05]} Nf6 {[%emt 0:00:02]} 5. Nc3 {[%emt 0:00:25]} Nc6 {[%emt 0:00:18]} 6. Be3 {[%emt 0:01:12]} Bb4 {[%emt 0:00:21]} 7. f3 {[%emt 0:03:34]} d5 {[%emt 0:00:32]} 8. Nxc6 {[%emt 0:01:32]} bxc6 {[%emt 0:00:43]} 9. exd5 {[%emt 0:06:22]} exd5 {[%emt 0:02:57]} 10. a3 {[%emt 0:03:58]} Bd6 {[%emt 0:01:29]} 11. Be2 {[%emt 0:11:11]} Qc7 {[%emt 0:01:11]} 12. h3 {[%emt 0:02:03]} Bg3+ {[%emt 0:00:21]} 13. Bf2 {[%emt 0:00:56]} Bxf2+ {[%emt 0:00:21]} 14. Kxf2 {[%emt 0:00:23]} O-O {[%emt 0:01:15]} 15. Rb1 {[%emt 0:02:02]} Nh5 {[%emt 0:08:47]} 16. Qe1 {[%emt 0:05:25]} Ng3 {[%emt 0:01:56]} 17. Rg1 {[%emt 0:03:21]} h5 {[%emt 0:06:51]} 18. Qd1 {[%emt 0:03:33]} h4 {[%emt 0:00:27]} 19. Ke1 {[%emt 0:01:00]} Qb6 {[%emt 0:00:13]} 20. Kd2 {[%emt 0:01:10]} Qd4+ {[%emt 0:01:32]} 21. Bd3 {[%emt 0:01:02]} Qf2+ {[%emt 0:00:36]} 22. Ne2 {[%emt 0:02:11]} d4 {[%emt 0:00:12]} 23. Qe1 {[%emt 0:01:01]} Qe3+ {[%emt 0:00:57]} 24. Kd1 {[%emt 0:00:34]} Nxe2 {[%emt 0:07:19]} 25. Bxe2 {[%emt 0:00:32]} Bf5 {[%emt 0:00:38]} 26. Bc4 {[%emt 0:04:02]} Qg5 {[%emt 0:03:24]} 27. Qd2 {[%emt 0:04:34]} Qg6 {[%emt 0:01:09]} 28. Bd3 {[%emt 0:02:45]} c5 {[%emt 0:01:20]} 29. Bxf5 {[%emt 0:01:59]} Qxf5 {[%emt 0:00:06]} 30. Qf2 {[%emt 0:03:39]} c4 {[%emt 0:02:10]} 31. Qxh4 {[%emt 0:03:52]} d3 {[%emt 0:00:28]} 32. c3 {[%emt 0:03:12]} d2 {[%emt 0:00:41]} 33. Qe4 {[%emt 0:00:17]} Qc5 {[%emt 0:01:20]} 34. Rh1 {[%emt 0:03:29]} Rfe8 {[%emt 0:02:01]} 35. Qd4 {[%emt 0:02:32]} Qf5 {[%emt 0:00:38]} 36. Ra1 {[%emt 0:01:16]} Qb5 {[%emt 0:00:14]} 0-1

[Event "ISR-ch Youth 2019"]
[Site "Jerusalem"]
[Date "2019.04.12"]
[Round "3.8"]
[White "Faivishevsky, Noam"]
[Black "Ostrovsky Berman, Noam"]
[Result "0-1"]
[WhiteElo "1326"]
[BlackElo "1545"]
[Annotator "NA RC"]
[PlyCount "56"]
[EventDate "2019.04.11"]
[EventType "swiss"]
[EventCountry "ISR"]
[SourceTitle "playchess.com"]
[Source "ChessBase"]
[SourceQuality "1"]
[TimeControl "5400+30"]

1. e4 {[%emt 0:00:00]} c5 {[%emt 0:00:00]} 2. Nf3 {[%emt 0:00:00]} d6 {[%emt 0:00:00]} 3. d4 {[%emt 0:00:00]} cxd4 {[%emt 0:00:00]} 4. Nxd4 {[%emt 0:00:00]} Nf6 {[%emt 0:00:00]} 5. Nc3 {[%emt 0:00:00]} a6 {[%emt 0:00:00]} 6. f3 {[%emt 0:00:53]} e5 {[%emt 0:00:05]} 7. Nb3 {[%emt 0:00:06]} Be6 {[%emt 0:00:26]} 8. Be3 {[%emt 0:00:28]} b5 {[%emt 0:00:16]} 9. Qd2 {[%emt 0:00:35]} Be7 {[%emt 0:00:06]} 10. O-O-O {[%emt 0:01:52]} Nbd7 {[%emt 0:02:07]} 11. g4 {[%emt 0:01:27]} O-O {[%emt 0:02:01]} 12. h4 {[%emt 0:00:46]} b4 {[%emt 0:00:49]} 13. Ne2 {[%emt 0:00:14]} a5 {[%emt 0:00:24]} 14. Kb1 {[%emt 0:01:06]} Qb8 {[%emt 0:14:38]} 15. h5 {[%emt 0:02:42]} h6 {[%emt 0:07:58]} 16. g5 {[%emt 0:05:08]} hxg5 {[%emt 0:00:06]} 17. Bxg5 {[%emt 0:01:17]} Rc8 {[%emt 0:08:32]} 18. h6 {[%emt 0:01:03]} g6 {[%emt 0:00:30]} 19. h7+ {[%emt 0:11:12]} Kh8 {[%emt 0:00:11]} 20. Ng3 {[%emt 0:00:59]} a4 {[%emt 0:01:37]} 21. Na1 {[%emt 0:09:38]} b3 {[%emt 0:09:55]} 22. Bh6 {[%emt 0:08:40]} bxa2+ {[%emt 0:00:20]} 23. Kc1 {[%emt 0:00:24]} a3 {[%emt 0:00:36]} 24. b4 {[%emt 0:01:41]} Nc5 {[%emt 0:04:17]} 25. Bc4 {[%emt 0:05:52]} Nfxe4 {[%emt 0:09:53]} 26. Bg7+ {[%emt 0:02:10]} Kxg7 {[%emt 0:00:48]} 27. Nh5+ {[%emt 0:02:31]} Kh8 {[%emt 0:01:59]} 28. Qh6 {[%emt 0:04:35]} Bg5+ {[%emt 0:00:09]} 0-1